Znane osoby z różnych państw. - Statystyki

Ogólne statystyki
  • Ten quiz został rozwiązany 66 razy
  • Średni wynik to 24 z 30
Statystyki odpowiedzi
Hint Odpowiedź % Poprawnych
Karol Wojtyła Polska
95%
Mikołaj Kopernik Polska
93%
Cristiano Ronaldo Portugalia
93%
Władimir Putin Rosja
93%
Wołodymyr Zełenski Ukraina
93%
Lionel Messi Argentyna
91%
Kim Dzong Un Korea Północna
91%
Aleksandr Łukaszenka Białoruś
89%
Barack Obama Stany zjednoczone
89%
LeBron James Stany Zjednoczone
88%
Leonardo da Vinci Włochy
88%
Albert Einstein Niemcy
86%
Mao Zedong Chiny
84%
Winston Churchill Wielka Brytania
84%
Charlie Chaplin Wielka Brytania
82%
Papież Franciszek Argentyna
81%
Wolfgang Amadeus Mozart Austria
81%
Sokrates Grecja
81%
Dmitrij Mendelejew Rosja
81%
Juliusz Cezar Włochy
81%
Ludwig van Beethoven Niemcy
77%
Józef Stalin Gruzja
75%
Marcin Luter Niemcy
75%
Viktor Orban Węgry
75%
Vincent van Gogh Holandia
72%
Fidel Castro Kuba
68%
Magnus Carlsen Norwegia
63%
Elon Musk Republika południowej Afryki
63%
Stefan Batory Węgry
51%
Nicola Tesla Serbia
47%
Nie znaleziono quizów pasujących do podanych kryteriów
Rozkład punktacji
Procent ludzi z każdym wynikiem
Percentyl według liczby udzielonych odpowiedzi
Twoja historia wyników
Nie rozwiązałeś tego quizu